Tribhuvan University Central Library

Collision theory. (Record no. 72896)

MARC details
000 -LEADER
fixed length control field 00523 a2200205 4500
041 ## - LANGUAGE CODE
Language code of text/sound track or separate title Eng
082 ## - DEWEY DECIMAL CLASSIFICATION NUMBER
Classification number 539.14
Item number G564c
100 ## - MAIN ENTRY--PERSONAL NAME
Personal name Goldberger, Marvin Leonard, 1922
100 ## - MAIN ENTRY--PERSONAL NAME
Personal name Watson, Kenneth M.
245 ## - TITLE STATEMENT
Title Collision theory.
260 ## - PUBLICATION, DISTRIBUTION, ETC.
Place of publication, distribution, etc. New York:
Name of publisher, distributor, etc. John Wiley,
Date of publication, distribution, etc. 1964
300 ## - PHYSICAL DESCRIPTION
Extent ix, 919p. illus
504 ## - BIBLIOGRAPHY, ETC. NOTE
Bibliography, etc. note Includes bibliography
650 ## - SUBJECT ADDED ENTRY--TOPICAL TERM
Topical term or geographic name entry element Nuclear physics
650 ## - SUBJECT ADDED ENTRY--TOPICAL TERM
Topical term or geographic name entry element Scattering (physics)
650 ## - SUBJECT ADDED ENTRY--TOPICAL TERM
Topical term or geographic name entry element Particles
650 ## - SUBJECT ADDED ENTRY--TOPICAL TERM
Topical term or geographic name entry element Quantum mechanics
653 ## - INDEX TERM--UNCONTROLLED
Uncontrolled term Modern physics
942 ## - ADDED ENTRY ELEMENTS (KOHA)
Source of classification or shelving scheme Dewey Decimal Classification
Koha item type General Collections
Holdings
Withdrawn status Lost status Source of classification or shelving scheme Damaged status Not for loan Home library Current library Date acquired Total Checkouts Full call number Barcode Date due Date last seen Date last checked out Price effective from Koha item type
    Dewey Decimal Classification     Tribhuvan University Central Library Tribhuvan University Central Library 07/10/2014 1 539.14 G564c 55927 05/23/2023 04/28/2023 04/28/2023 07/10/2014 General Collections